Biggest Cities of Al-Andalus under the Umayyad Caliphate in 735 AD - Statistics

General Stats
  • This quiz has been taken 691 times
  • The average score is 14 of 28
Answers on the Map
Answers color-coded by a green-red scale on the quiz's map according to % correct below.
 
Answer Stats
Population Cities % Correct
3k Barsilunah (Barcelona)
96%
15k Al-Ushbuna (Lisbon)
95%
20k Isbiliyyah (Seville)
93%
3k Balansiyyah (Valencia)
91%
10k Burtuqal (Porto)
89%
60k Qurtubah (Córdoba)
87%
10k Malaqah (Málaga)
81%
3k Saraqustah (Zaragoza)
78%
20k Tulaytulah (Toledo)
77%
5k Marsiliyyah (Marseille)
70%
4k Liyyun (León)
56%
3k Balad al-Walid (Valladolid)
54%
5k Tarraqunah (Tarragona)
46%
3k Salamanqah (Salamanca)
44%
4k Biraqirah (Braga)
43%
4k Qartagannah al-Halfa (Cartagena)
43%
5k Arbunah (Narbonne)
39%
20k Maridah (Mérida)
39%
8k Saris (Jerez de la Frontera)
39%
4k Gayyan (Jaén)
37%
3k Nim (Nîmes)
34%
5k Arlah (Arles)
24%
3k Yaburah (Évora)
21%
3k Turtusah (Tortosa)
17%
4k Istiggah (Écija)
13%
3k Balis (Véléz-Málaga)
12%
3k Bayyasah (Baeza)
10%
3k Tabirah (Tavira)
10%
No matching quizzes found
Score Distribution
Percent of People with Each Score
Percentile by Number Answered
Your Score History
You have not taken this quiz